Vybrané biotechnologické firmy a organizace /

Hlavní autor: Grossová, Vlasta
Další autoři: Kastl, František
Jazyk: Čeština
Vydáno: Praha : Výzkumný ústav potravinářského průmyslu, 1986
Témata:
Fyzický popis: 28 stran ; 20 cm
Knihy
Uloženo v:
LEADER 01232nam a22003732i 4500
001 001537395
003 CZ BrMZK
005 20170517131930.0
007 ta
008 160728s1986 xr er|||||||||||cze d
015 |a cnb000038581 
020 |q (Brož.) 
035 |a (OCoLC)39433941 
040 |a ABA001  |b cze  |d ABA001  |d BOA001  |e rda 
072 7 |a 60  |x Biotechnologie. Genetické inženýrství  |2 Konspekt  |9 2 
080 |a 60  |2 MRF 
080 |a 334.716  |2 MRF 
080 |a (048.8)  |2 MRF 
100 1 |a Grossová, Vlasta  |7 mzk2014851663  |4 aut 
245 1 0 |a Vybrané biotechnologické firmy a organizace /  |c V. Grossová, F. Kastl 
264 1 |a Praha :  |b Výzkumný ústav potravinářského průmyslu,  |c 1986 
300 |a 28 stran ;  |c 20 cm 
336 |a text  |b txt  |2 rdacontent 
337 |a bez média  |b n  |2 rdamedia 
338 |a svazek  |b nc  |2 rdacarrier 
500 |a 300 výtisků 
650 0 7 |a biotechnologie  |7 ph118925  |2 czenas 
650 0 7 |a průmyslové podniky  |7 ph115931  |2 czenas 
655 7 |a přehledy  |7 fd133202  |2 czenas 
700 1 |a Kastl, František  |4 aut 
910 |a BOA001  |b X-0926.243 
990 |a BK 
991 |b 201605 
996 6 |b 2619168948  |c X-0926.243  |l MZK  |r Sklad / do 24 hodin  |n 0  |w 001572327  |u 000010  |a 1  |e BOA001  |j MZK50  |s P